[Event "Karl Mala Memorial op 08th"]
[Site "Frankfurt"]
[Date "2004.07.24"]
[Round "5"]
[White "Ruiz Urbina, Juan Bosco"]
[Black "Rapoport, Vladimir"]
[Result "1/2-1/2"]
[WhiteElo "1934"]
[BlackElo "2132"]
[PlyCount "105"]
[EventDate "2004.07.22"]
[EventType "swiss"]
[EventRounds "7"]
[EventCountry "GER"]
[SourceTitle "EXT 2005"]
[Source "ChessBase"]
[SourceDate "2004.11.15"]
[SourceVersion "1"]
[SourceVersionDate "2004.11.15"]
[SourceQuality "1"]

1. e4 c5 2. Nf3 Nc6 3. Nc3 e5 4. Bb5 d6 5. d3 Be7 6. Nd5 Be6 7. c3 a6 8. Bxc6+ bxc6 9. Qa4 Bd7 10. Nxe7 Nxe7 11. 0-0 Bg4 12. Nd2 0-0 13. Re1 Qc7 14. Nf1 Ng6 15. Ne3 Be6 16. Nf5 Qd7 17. g4 Nf4 18. Qd1 g6 19. Bxf4 exf4 20. Qf3 Qd8 21. Kh1 gxf5 22. gxf5 Bd7 23. Qxf4 Qf6 24. Re3 Kh8 25. Rh3 Rg8 26. Re1 Qg5 27. Qxg5 Rxg5 28. Rh6 d5 29. Rd6 Be8 30. Re3 Kg7 31. h3 dxe4 32. dxe4 f6 33. Kh2 Rb8 34. Re2 Rb7 35. f4 Rh5 36. Kg3 Rd7 37. Rxd7+ Bxd7 38. Kg4 Rh6 39. Re1 Kf8 40. Kg3 Ke7 41. Rd1 Be8 42. c4 Bf7 43. b3 a5 44. a4 Be8 45. Rd2 Bh5 46. h4 Be8 47. Rd1 Bf7 48. Rd3 Be8 49. Rd1 Bd7 50. Rg1 Be8 51. Rd1 Bf7 52. Rd3 Be8 53. Rd1 1/2-1/2